01265 a2200157 45000010006000000050017000060080041000230030015000640400040000790800035001192450069001542640034002233000019002575050804002761000027010804666820260407155737.0260407a1975 arg spa dAR-UNSa-BCEJYS aAR-UNSa-BCEJYSbspacAR-UNSa-BCEJYS a347.72xSociedades comerciales10aDerecho Societariopestudio y análisis del decreto - Ley 19550 1aBuenos Aires :bDepalmac1975 a220 p.c24 cm. aParte Primera: Estudio sobre temas de derecho societario: 1. Naturaleza jurídica de las sociedades (decreto-ley 19.550) – 2. Clasificación de las sociedades comerciales – 3. Sociedad comercial y sociedad civil – 4. Empresa y sociedad – 5. Las cooperativas y su naturaleza – 6. Capacidad para ejercer el comercio: algunos aspectos – 7. La responsabilidad en nuestro derecho societario – 8. El comercio, el descubrimiento de América y el derecho comercial - - Parte Segunda: Análisis para una reforma del régimen de sociedades comerciales: 9. De la existencia de sociedades – 10. Sociedades colectivas. Razón social – 11. Sociedades anónimas – 12. Asambleas – 13. Administración: quórum – 14. Fiscalización estatal – 15. Nominatividad de las acciones. 1 aCornejo Costas, Emilio